[Event "GCT Saint Louis Blitz 2019"]
[Site "Saint Louis"]
[Date "2019.08.14"]
[Round "11"]
[White "Dominguez Perez, Leinier"]
[Black "Ding, Liren"]
[Result "1/2-1/2"]
[WhiteElo "2763"]
[BlackElo "2805"]
[Annotator "TA"]
[PlyCount "56"]
[EventDate "2019.08.13"]
[EventType "tourn"]
[EventCountry "USA"]
[SourceTitle "playchess.com"]
[Source "ChessBase"]
[SourceQuality "1"]

{[%evp 19,56,25,25,20,15,4,12,12,14,0,0,0,0,0,0,0,0,0,2,-85,-7,-38,-15,-21,0,-111,-95,-99,-14,-6,-6,-12,-13,-6,0,0,0,0,0]} 1. e4 e5 2. Nf3 Nc6 3. Bb5 a6 4. Ba4 Nf6 5. O-O Be7 6. Re1 b5 7. Bb3 O-O 8. a4 b4 9. d4 d6 10. dxe5 Nxe5 11. Nxe5 {C88: Closed Ruy Lopez: Anti-Marshall Systems} (11. Nbd2 Bb7 12. Nxe5 dxe5 13. Qf3 Kh8 14. Nc4 Bxe4 15. Qh3 Qc8 16. Qxc8 Raxc8 17. Bg5 Bd5 18. Rxe5 Be6 {½-½ (48) Howell,D (2693)-Onischuk,A (2647) Astana 2019}) 11... dxe5 12. Qe2 a5 13. Nd2 Bc5 14. h3 Bb7 15. Bc4 Qe7 16. Bd3 {[#]} Rfd8 $146 ({Predecessor:} 16... h6 17. Nc4 Rfd8 18. Be3 Bd4 19. Bxd4 Rxd4 {½-½ (48) Sebag,M (2488)-Bailet,P (2519) Chartres 2017}) 17. Nf3 h6 18. Nh4 Bc8 19. Qf3 {[#]} (19. Be3 $11) 19... Rb8 (19... Ng4 $1 $17 20. Nf5 Bxf5 21. hxg4 Be6) 20. Bc4 Rb6 21. b3 Rbd6 22. Bb2 (22. Be3 $1 $11 {keeps the balance.} Bd4 23. Bxd4 Rxd4 24. Bd3) 22... Rd2 $17 23. Re2 {next Ng6 is good for White.} Rxe2 ({Better is} 23... Rd1+ $17 24. Re1 Rxe1+ 25. Rxe1 Rd2) 24. Qxe2 $11 {The position is equal.} Ng4 25. Nf5 Bxf5 $1 26. hxg4 Be6 27. Bxe6 Qxe6 28. Rd1 Rd6 {Accuracy: White = 52%, Black = 46%.} 1/2-1/2

[Event "GCT Saint Louis Blitz 2019"]
[Site "Saint Louis"]
[Date "2019.08.14"]
[Round "11"]
[White "Yu, Yangyi"]
[Black "Caruana, Fabiano"]
[Result "0-1"]
[WhiteElo "2752"]
[BlackElo "2818"]
[Annotator "TA"]
[PlyCount "64"]
[EventDate "2019.08.13"]
[EventType "tourn"]
[EventCountry "USA"]
[SourceTitle "playchess.com"]
[Source "ChessBase"]
[SourceQuality "1"]

{[%evp 9,74,-6,0,-3,-13,0,4,-27,-18,-15,-12,-15,0,0,-6,-31,-6,-38,-33,-24,-31,-30,-27,-54,-50,-61,-39,-88,-52,-152,-172,-149,-152,-167,-172,-247,-16,-31,-35,-99,-76,-59,37,-297,0,-588,-586,-527,-568,-570,-614,-660,-660,-658,-647,-651,-634,-29988,-1216,-29985,-29975,-29965,-12845,-29988,-29989,-29995,-29996]} 1. e4 e6 2. d3 d5 3. Qe2 Nf6 4. f4 c5 5. Nf3 Nc6 6. e5 {C00: French: Unusual White 2nd moves} (6. g3 Be7 7. Bg2 O-O 8. O-O b5 9. e5 Ne8 10. c3 Nc7 11. Be3 a5 12. Qf2 c4 13. d4 b4 14. g4 Rb8 {1-0 (54) Fedorov,A (2572)-Andreikin,D (2702) Minsk 2018}) 6... Ng8 7. c3 h5 8. Qd1 {The position is equal.} Nh6 9. Be3 Nf5 10. Bf2 Be7 11. Be2 b5 $146 ({Predecessor:} 11... a6 12. O-O b5 13. a3 Bb7 14. Nbd2 Qc7 15. Rc1 {½-½ (20) Fehres,W (1816)-Sauer,R (1684) Bad Woerishofen 2001}) 12. Na3 a6 13. Nc2 d4 14. cxd4 cxd4 15. O-O Bb7 16. Rc1 Rc8 17. Qd2 h4 18. a3 a5 19. Nfe1 (19. h3 $15) 19... g5 $1 $17 20. Bg4 {[#]} h3 $1 {[%mdl 512] Strongly threatening ...gxf4.} 21. Nf3 ({But not} 21. gxh3 $2 gxf4 22. Qe2 Ne3 $19) ({Not} 21. Bxh3 $2 Rxh3 $1 {[%mdl 512]} 22. gxh3 gxf4 $19) 21... hxg2 22. Rfe1 {[%cal Rf3g5]} Nh4 $2 (22... Nh6 $1 $19 {[%cal Rh6g4]} 23. Bh5 g4) 23. Bxh4 gxh4 24. f5 (24. h3 $15) 24... Rg8 $36 {[%mdl 2048] Keeping White busy.} 25. Re4 {[#]} Qd5 (25... Nxe5 $1 $15 {[%mdl 512]} 26. Nxe5 (26. Rxe5 Rxg4) 26... Bg5 {[%mdl 64] Skewer}) 26. fxe6 $2 {[%mdl 8192] [#]} (26. Nce1 $1 $14 {keeps the upper hand.}) 26... fxe6 $2 (26... Rxg4 $1 $19 {[%mdl 512]} 27. Rxg4 Qxf3 28. exf7+ Qxf7 29. Qxg2 Nd8) 27. Ncxd4 $2 {[%mdl 8192]} (27. Nce1 $11 {and White stays safe.}) 27... Nxd4 $19 28. Rxc8+ Bxc8 29. Nxd4 {Bh5+ is the strong threat.} Bc5 30. Qe3 Bb7 31. b4 axb4 32. axb4 Ba7 {Played: Bc5-b6} 0-1

[Event "GCT Saint Louis Blitz 2019"]
[Site "Saint Louis"]
[Date "2019.08.14"]
[Round "12"]
[White "Caruana, Fabiano"]
[Black "Dominguez Perez, Leinier"]
[Result "1-0"]
[WhiteElo "2818"]
[BlackElo "2763"]
[Annotator "TA"]
[PlyCount "85"]
[EventDate "2019.08.13"]
[EventType "tourn"]
[EventCountry "USA"]
[SourceTitle "playchess.com"]
[Source "ChessBase"]
[SourceQuality "1"]

{[%evp 9,85,14,14,18,16,7,16,13,29,25,35,22,31,25,25,28,31,17,23,27,25,14,42,4,5,14,30,16,43,27,35,21,54,22,26,28,23,0,0,-15,-15,-6,-10,0,0,0,52,68,112,89,128,125,179,172,353,329,332,343,403,389,454,440,453,422,637,644,637,604,937,558,1297,935,1437,1371,1377,1364,29977,10960]} 1. e4 e5 2. Nf3 Nc6 3. Bb5 Nf6 4. d3 Bc5 5. c3 O-O 6. O-O {C65: Ruy Lopez: Berlin Defence (3...Nf6), unusual lines and 4 0-0 Bc5} Re8 (6... d6 7. Ba4 Ne7 8. Bc2 Ng6 9. d4 Bb6 10. a4 c6 11. dxe5 Nxe5 12. Nxe5 dxe5 13. Qxd8 Rxd8 14. a5 Bc5 {1-0 (39) Carlsen,M (2845)-Grischuk,A (2771) Shamkir 2019}) 7. Bg5 h6 8. Bh4 {The position is equal.} a6 9. Ba4 Be7 10. Bg3 d6 11. Nbd2 {[%cal Bb1d2,Bd2f1,Bf1e3,Be3c4][%mdl 32]} Bf8 12. h3 b5 $146 ({Predecessor:} 12... Bd7 13. Re1 Ne7 14. Bxd7 Qxd7 {0-1 (35) Firouzja,A (2607)-Wang,H (2730) St Petersburg 2018}) 13. Bc2 Ne7 14. a4 Bd7 15. Re1 Ng6 16. Nf1 c5 17. Ne3 Qc7 18. Nh4 Ne7 19. Qf3 Reb8 20. Red1 bxa4 21. Nc4 Be6 22. Rdb1 Nd7 23. Bxa4 Nb6 24. Bb3 Nxc4 25. Bxc4 Bxc4 26. dxc4 Rb3 27. Qd3 Rab8 ({Black should try} 27... a5 $11) 28. Rxa6 $14 R8b6 29. Ra2 g6 30. Nf3 {Nd2 is the strong threat.} Qb7 (30... Nc6 $16 31. Qc2 Rb8) 31. Qc2 $18 f5 $2 (31... Rc6 {might work better.} 32. Nd2 Rbb6) 32. Nd2 f4 33. Bh2 g5 34. Kh1 ({Don't take} 34. Nxb3 Rxb3 35. Rba1 Kg7 $18) 34... h5 35. Nxb3 Rxb3 36. Rba1 Kf7 (36... g4 $142 37. g3 fxg3 38. Bxg3 Ng6 39. hxg4 h4) 37. Qd1 Rxb2 38. Qxh5+ Kf6 {[#] Threatens to win with ...Rxa2.} 39. Ra6 Rd2 40. h4 gxh4 41. Qxh4+ Kf7 {[#]} 42. Bxf4 $1 Re2 (42... exf4 43. Qxf4+) 43. Qh5+ {Accuracy: White = 76%, Black = 42%.} 1-0

[Event "GCT Saint Louis Blitz 2019"]
[Site "Saint Louis"]
[Date "2019.08.14"]
[Round "12"]
[White "Ding, Liren"]
[Black "Aronian, Levon"]
[Result "0-1"]
[WhiteElo "2805"]
[BlackElo "2765"]
[Annotator "RC"]
[PlyCount "83"]
[EventDate "2019.08.13"]
[EventType "tourn"]
[EventCountry "USA"]
[SourceTitle "playchess.com"]
[Source "ChessBase"]
[SourceQuality "1"]
[TimeMode "Bronstein"]
[TimeControl "300+3"]

1. d4 {[%emt 0:00:00]} Nf6 {[%emt 0:00:00]} 2. c4 {[%emt 0:00:00]} e6 {[%emt 0:00:00]} 3. Nf3 {[%emt 0:00:00]} d5 {[%emt 0:00:00]} 4. Nc3 {[%emt 0:00:00]} Nbd7 {[%emt 0:00:00]} 5. Bf4 {[%emt 0:00:00]} dxc4 {[%emt 0:00:04]} 6. e3 {[%emt 0:00:00]} b5 {[%emt 0:00:12]} 7. Nxb5 {[%emt 0:00:00]} Bb4+ {[%emt 0:00:03]} 8. Nc3 {[%emt 0:00:01]} Nd5 {[%emt 0:00:04]} 9. Rc1 {[%emt 0:00:13]} N7b6 {[%emt 0:00:17]} 10. Bg3 {[%emt 0:00:03]} c5 {[%emt 0:00:39]} 11. Be2 {[%emt 0:00:04]} O-O {[%emt 0:00:12]} 12. O-O {[%emt 0:00:03]} Bb7 {[%emt 0:00:16]} 13. Nxd5 {[%emt 0:00:25]} Qxd5 {[%emt 0:00:49]} 14. a3 {[%emt 0:01:04]} cxd4 {[%emt 0:00:03]} 15. Qxd4 {[%emt 0:00:05]} Be7 {[%emt 0:00:11]} 16. Qxd5 {[%emt 0:00:23]} Bxd5 {[%emt 0:00:11]} 17. Nd2 {[%emt 0:00:03]} Rac8 {[%emt 0:00:43]} 18. e4 {[%emt 0:00:47]} c3 {[%emt 0:00:15]} 19. Nb1 {[%emt 0:01:07]} c2 {[%emt 0:00:30]} 20. exd5 {[%emt 0:00:07]} cxb1=Q {[%emt 0:00:03]} 21. Rxb1 {[%emt 0:00:03]} Nxd5 {[%emt 0:00:03]} 22. Rfd1 {[%emt 0:00:20]} Bf6 {[%emt 0:00:08]} 23. Bf3 {[%emt 0:00:07]} Rfd8 {[%emt 0:00:22]} 24. b4 {[%emt 0:00:07]} g6 {[%emt 0:00:14]} 25. Bxd5 {[%emt 0:00:12]} exd5 {[%emt 0:00:11]} 26. a4 {[%emt 0:00:05]} Rc4 {[%emt 0:00:06]} 27. f3 {[%emt 0:00:13]} Bc3 {[%emt 0:00:10]} 28. Be1 {[%emt 0:00:05]} Bxe1 {[%emt 0:00:04]} 29. Rxe1 {[%emt 0:00:03]} Rb8 {[%emt 0:00:03]} 30. Re7 {[%emt 0:00:10]} a5 {[%emt 0:00:03]} 31. b5 {[%emt 0:00:03]} Rxa4 {[%emt 0:00:03]} 32. b6 {[%emt 0:00:09]} Rb4 {[%emt 0:00:03]} 33. Ra1 {[%emt 0:00:06]} R8xb6 {[%emt 0:00:09]} 34. Rxa5 {[%emt 0:00:03]} Rb1+ {[%emt 0:00:03]} 35. Kf2 {[%emt 0:00:03]} R1b2+ {[%emt 0:00:03]} 36. Kg3 {[%emt 0:00:03]} Rd2 {[%emt 0:00:04]} 37. Ra8+ {[%emt 0:00:04]} Kg7 {[%emt 0:00:03]} 38. Raa7 {[%emt 0:00:03]} Rf6 {[%emt 0:00:03]} 39. Red7 {[%emt 0:00:03]} Rf5 {[%emt 0:00:03]} 40. h4 {[%emt 0:00:03]} h5 {[%emt 0:00:03]} 41. Ra5 {[%emt 0:00:03]} g5 {[%emt 0:00:08]} 42. Ra4 0-1

[Event "GCT Saint Louis Blitz 2019"]
[Site "Saint Louis"]
[Date "2019.08.14"]
[Round "12"]
[White "Mamedyarov, Shakhriyar"]
[Black "Carlsen, Magnus"]
[Result "0-1"]
[WhiteElo "2764"]
[BlackElo "2882"]
[Annotator "TA"]
[PlyCount "97"]
[EventDate "2019.08.13"]
[EventType "tourn"]
[EventCountry "USA"]
[SourceTitle "playchess.com"]
[Source "ChessBase"]
[SourceQuality "1"]

{[%evp 9,97,-8,-4,-8,10,8,11,14,0,0,0,-8,16,15,9,15,17,4,25,-11,16,7,75,-20,62,-33,-30,-32,0,-336,-131,-110,-93,-82,-74,-66,-64,-58,-69,-234,-236,-240,-247,-393,25,-239,-122,-757,-569,-572,-556,-646,-27,-661,-636,-29994,-1231,-5038,-1112,-970,-310,-316,-301,-474,-252,-373,-363,-370,-337,-406,-386,-385,-380,-405,-398,-391,-378,-374,-369,-350,-344,-344,-304,-496,-495,-558,-558,-551,-517,-416]} 1. e4 e5 2. Nc3 Nc6 3. g3 Bc5 4. Bg2 d6 5. Nge2 a6 6. Nd5 {C25: Vienna Game: Alternatives to 2...Nf6} (6. d3 Nge7 7. h3 O-O 8. Nd5 Nxd5 9. exd5 Nd4 10. Be3 Nxe2 11. Qxe2 Bxe3 12. fxe3 Qg5 13. Qf3 f5 14. O-O-O Bd7 {0-1 (31) Hou,Y (2652)-Caruana,F (2802) chess.com INT 2017}) 6... Nge7 7. c3 Nxd5 (7... Ba7 {feels hotter.} 8. d4 O-O 9. Ne3 Kh8 10. O-O f5) 8. exd5 {The position is equal.} Ne7 9. d4 Ba7 10. O-O O-O 11. dxe5 dxe5 12. c4 Nf5 13. b3 Re8 14. Bb2 h5 $146 ({Predecessor:} 14... e4 15. Rc1 Bc5 {0-1 (27) Buchal,S (2335)-Braga,F (2470) Germany 1989}) 15. Rc1 Bc5 (15... Qd6 $11 {keeps the balance.}) 16. Qd2 (16. Nc3 $16) 16... a5 (16... e4 $11) 17. Kh1 (17. Nc3 $1 $14) 17... h4 $15 18. a3 hxg3 19. hxg3 $2 {[%mdl 8192]} (19. Nxg3 $11 Qe7 20. Rce1 Nxg3+ 21. fxg3) 19... Ra6 $2 (19... e4 $19 {is more deadly. Hoping for ...e3.} 20. Qe1 Qd6) 20. b4 $17 axb4 21. axb4 Rh6+ 22. Kg1 Bf8 $1 23. Rfe1 e4 $36 {[%mdl 2048] And now ...e3 would win. Black has good play.} 24. c5 $2 (24. Nd4 $15 e3 25. Qc3) 24... e3 $19 25. fxe3 {White wants to play e4.} Qg5 {[%mdl 64] Double Attack} 26. Rc4 (26. Rc2 $142 Qg4 27. Bd4) 26... Rxe3 $2 (26... Nxg3 $19 27. Nxg3 Qxg3) 27. Rf4 $2 {[%mdl 8192] [#]} (27. Re4 $11 Rg6 28. Rxe3 Qxe3+ 29. Qxe3 Nxe3 30. Ra1) 27... Rb3 (27... Re7 $1 $19 28. Rd4 Qxd2 29. Rxd2 {[#]} Nxg3 $1 {[%mdl 576] Pin}) 28. Ref1 $2 {[%mdl 8192]} (28. Be5 $17) 28... Nxg3 29. Nxg3 Qxg3 30. R1f2 Qh2+ (30... Rd3 $2 31. Qe2 $19) 31. Kf1 Bh3 {aiming for ...Qh1+.} 32. d6 cxd6 (32... Re6 $142 33. Be5 Rxe5 34. Re4 {[%mdl 64] Decoy} Rxe4 35. Qe3 Rexe3 36. Re2 Rb1+ 37. Kf2 Qg3#) 33. Qd5 Bxg2+ (33... Qh1+ $142 34. Ke2 Rxb2+ 35. Kd3 Qb1+ 36. Kc3 Qc1+ 37. Kd3 Be6 38. Rxb2 Bxd5 39. Bxd5 Qxf4) 34. Qxg2 Qxg2+ $2 (34... Qh5 {[%cal Rh5d1]} 35. Rd4 Rg6) 35. Kxg2 f6 ({Don't do} 35... dxc5 36. Rxf7 Rg6+ 37. Kf1 $19) 36. Bd4 (36. Rc4 $142) 36... dxc5 (36... Rxb4 $142 37. Rd2 dxc5) 37. bxc5 (37. Bxc5 $142 Rg6+ 38. Kf1) 37... Rh5 38. Rc2 Rg5+ 39. Kf1 Rb5 40. c6 bxc6 41. Rxc6 Rgf5 42. Rxf5 Rxf5+ {[%mdl 4096] Endgame KRB-KRB} 43. Ke2 Kf7 44. Kd3 Rb5 45. Rc7+ Kg6 46. Rc8 $2 (46. Rd7 {was worth a try.}) 46... Bd6 {Black is clearly winning.} 47. Rc6 Be5 48. Bc5 Kf5 49. Be3 {Accuracy: White = 41%, Black = 46%.} 0-1

[Event "GCT Saint Louis Blitz 2019"]
[Site "Saint Louis"]
[Date "2019.08.14"]
[Round "12"]
[White "Karjakin, Sergey"]
[Black "Vachier-Lagrave, Maxime"]
[Result "1-0"]
[WhiteElo "2750"]
[BlackElo "2778"]
[Annotator "TA"]
[PlyCount "121"]
[EventDate "2019.08.13"]
[EventType "tourn"]
[EventCountry "USA"]
[SourceTitle "playchess.com"]
[Source "ChessBase"]
[SourceQuality "1"]

{[%evp 15,121,3,15,7,16,17,15,17,75,82,89,52,111,120,120,112,130,82,84,80,84,66,76,83,88,72,129,111,112,116,147,133,145,145,155,118,148,89,147,129,162,150,163,158,171,171,171,171,171,171,171,171,171,171,171,170,171,171,178,171,171,171,171,170,170,170,163,163,163,166,173,171,190,179,413,169,207,197,201,179,183,178,178,167,180,185,184,186,166,155,225,170,176,161,174,142,276,280,281,277,367,352,350,340,359,337,314,298]} 1. e4 c5 2. Nf3 d6 3. d4 cxd4 4. Nxd4 Nf6 5. Nc3 a6 6. Bd3 e5 7. Nde2 Be7 8. O-O O-O 9. Ng3 {B90: Sicilian Najdorf: Unusual White 6th moves, 6 Be3 Ng4 and 6 Be3 e5} Be6 10. Nd5 Nbd7 (10... Bxd5 11. exd5 g6 12. c4 Nbd7 13. Bh6 Re8 14. Rc1 Bf8 15. Bg5 h6 16. Bd2 a5 {1-0 (43) Anand,V (2774)-Keymer,V (2516) Karlsruhe/Baden Baden 2019}) 11. c4 {The position is equal.} g6 $146 (11... Nc5 $11 {keeps the balance.}) ({Predecessor:} 11... a5 12. h3 Nc5 13. Bc2 Nxd5 14. exd5 Bc8 15. f4 Bh4 16. Ne2 f5 {½-½ (60) Aryan,C (2547)-Raja,H (2432) Budapest 2019}) 12. Nxe7+ $16 Qxe7 13. b3 Rfc8 ({Black should try} 13... b5 $1 $14) 14. Bg5 Qf8 15. Qd2 Ne8 16. Rad1 f6 17. Bh6 Qe7 18. Bb1 b5 19. cxb5 axb5 20. Qe2 b4 (20... Rcb8 $142) 21. Bd2 Rab8 22. Qe1 Bg4 23. f3 Be6 24. Bxb4 Nc5 25. Kh1 Qb7 26. Ba3 (26. Bd2 $142) 26... Qa7 (26... Qa6 $142 27. Bb4 Qb6) 27. Bb2 Bf7 28. Bc1 Qa6 29. Be3 Nc7 30. f4 {fxe5 is the strong threat.} exf4 31. Bxf4 Ne8 32. Qd2 Rd8 33. Qf2 Nd7 34. Ne2 Rbc8 35. Nd4 Ne5 36. h3 Qb7 37. Bg3 Rc3 38. Bh4 Nd7 39. Ne2 Rcc8 40. Rd2 Qb4 41. Rfd1 Qc5 42. Qxc5 Rxc5 43. Bf2 Ra5 44. Rc1 Ne5 $2 {[#]} (44... Rb5 45. Nd4 Rb7) 45. Nd4 (45. Bb6 $142 Rda8 46. Bxa5 Rxa5 47. Rc8) 45... Ra6 46. Kg1 Ng7 47. Rc7 Ne6 48. Nxe6 Bxe6 49. Be3 Rd7 50. Rxd7 Bxd7 51. Kf2 Be6 52. Rc2 Nc6 (52... d5 $16 {was called for.} 53. Rd2 dxe4) 53. Bd2 Kf8 54. Bc3 Ke7 55. Ke3 Na7 (55... Ne5 $16 {was worth a try.} 56. Bd4 Nc6) 56. Rf2 $18 f5 57. exf5 gxf5 58. Bd3 Rc6 59. Bd4 Nc8 60. Rc2 Rxc2 61. Bxc2 {Accuracy: White = 70%, Black = 34%.} 1-0

[Event "GCT Saint Louis Blitz 2019"]
[Site "Saint Louis"]
[Date "2019.08.14"]
[Round "12"]
[White "Rapport, Richard"]
[Black "Yu, Yangyi"]
[Result "0-1"]
[WhiteElo "2747"]
[BlackElo "2752"]
[Annotator "TA"]
[PlyCount "80"]
[EventDate "2019.08.13"]
[EventType "tourn"]
[EventCountry "USA"]
[SourceTitle "playchess.com"]
[Source "ChessBase"]
[SourceQuality "1"]

{[%evp 9,176,0,-3,-3,0,0,0,-6,0,0,0,0,29,40,33,29,12,25,34,41,25,-20,-23,-115,-110,-84,-34,-40,-48,-118,-125,-108,-66,-131,-131,-132,-136,-146,-134,-150,-70,-121,-114,-114,-120,-213,-156,-215,-153,-186,-204,-181,-153,-173,-167,-172,-174,-203,-154,-220,-194,-185,-144,-168,-169,-172,-166,-158,-178,-197,-128,-126,-109,-118,-96,-104,-69,-84,-84,-95,-90,-85,-81,-97,-52,-104,-38,-107,-72,-94,-97,-102,-93,-125,-95,-152,-155,-165,-162,-245,-251,-284,-261,-279,-268,-326,-326,-326,-326,-326,-326,-333,-81,-468,-293,-256,-81,-81,-81,-81,-81,-161,-161,-161,-161,-161,-161,-1312,-1407,-1218,-8,-5081,-4150,-29947,-29957,-29953,-12796,-29967,-29970,-29970,-29970,-29970,-29972,-29972,-29973,-29972,-29972,-29975,-29976,-29976,-29977,-29977,-29978,-29977,-29979,-29980,-29978,-29977,-29976,-29978,-29974,-29981,-29982,-29983,-29983,-29984,-29985,-29986,-29987]} 1. d4 d5 2. c4 c6 3. Nc3 Nf6 4. e3 g6 5. h4 Bg7 6. Nh3 {D10: Slav Defence: 3 cxd5 (without early Nf3) and 3 Nc3} Bxh3 7. Rxh3 h5 $146 ({Predecessor:} 7... e6 8. Bd2 Nbd7 9. g4 h5 10. g5 Ng8 11. Qb3 Qc7 12. Rc1 Qb6 {1-0 (34) Rapport,R (2693)-Skembris,S (2458) Athens 2013}) 8. Qb3 {The position is equal.} Qd7 9. Bd2 e6 10. O-O-O Qc7 11. Kb1 Nbd7 12. Rc1 Qb6 13. Qa3 a5 14. cxd5 exd5 15. e4 dxe4 16. Re3 (16. Bg5 $11 Qxd4 17. Re3) 16... Bf8 $1 $17 {[%cal Rf8a3]} (16... Qxd4 17. Nxe4 $1 {[%mdl 512]} Nxe4 18. Bc3 $15) 17. Qa4 Bb4 18. Nxe4 O-O $40 {[%mdl 128] ...Nxe4 is the strong threat. Black mounts an attack.} 19. Nxf6+ (19. Qc2 $15) 19... Nxf6 20. Rb3 {[%cal Rd2b4]} Nd5 21. Be3 (21. Bh6 $15 Rfe8 22. Rd3) 21... Qd8 22. Rd3 Qxh4 23. a3 Bd6 24. Qb3 Rab8 ({Better is} 24... Qe4 $17 25. Qxb7 Bxa3 $1 {[%mdl 512]}) 25. g3 (25. Be2 $1 $15) 25... Qe4 26. Bd2 Qf5 27. Be1 (27. Bxa5 $17 Qxf2 28. Qd1) 27... Rfe8 28. Ka2 (28. Qc2 $17) 28... Ra8 29. Rf3 a4 30. Qd3 Qxd3 31. Bxd3 Bf8 32. Bd2 Bg7 33. Rc4 Red8 34. Bg5 (34. Bf1 $17) 34... Rd7 35. Bc2 Nc7 36. Be3 Ne6 {[%cal Re6d4]} 37. Rxa4 Rxa4 38. Bxa4 Bxd4 39. Bc1 Bg7 (39... Rd5 $19 40. Bb3 Re5) 40. Bc2 c5 {Played: Ne6-d4} 0-1

[Event "GCT Saint Louis Blitz 2019"]
[Site "Saint Louis"]
[Date "2019.08.14"]
[Round "13"]
[White "Carlsen, Magnus"]
[Black "Ding, Liren"]
[Result "1-0"]
[WhiteElo "2882"]
[BlackElo "2805"]
[Annotator "TA"]
[PlyCount "97"]
[EventDate "2019.08.13"]
[EventType "tourn"]
[EventCountry "USA"]
[SourceTitle "playchess.com"]
[Source "ChessBase"]
[SourceQuality "1"]

{[%evp 16,97,0,-27,0,-20,0,0,0,0,14,0,0,0,0,0,0,-31,-35,-30,-29,-25,0,0,0,0,0,0,24,20,40,14,114,77,77,77,90,23,25,11,24,31,85,87,94,85,97,31,166,160,383,377,347,349,349,328,339,311,330,291,373,373,328,329,377,374,437,439,464,416,470,462,483,506,772,760,710,654,7432,6099,2675,2400,29968,29966]} 1. c4 Nf6 2. Nc3 e5 3. Nf3 Nc6 4. d3 d5 5. cxd5 Nxd5 6. e3 Be7 7. Be2 O-O 8. O-O Be6 9. Bd2 Qd7 {A28: English Opening: Four Knights Variation} 10. a3 a5 11. Rc1 $146 ({Predecessor:} 11. Ne4 f6 12. Rc1 a4 13. Nc5 Bxc5 14. Rxc5 b6 15. Rc1 Nd8 16. Qc2 c5 17. d4 cxd4 18. exd4 {1-0 (64) Grachev,B (2682)-Bobras,P (2544) Germany 2011}) 11... Rfd8 {The position is equal.} 12. Ne4 f6 (12... a4 {seems wilder.} 13. Qc2 Nf6 14. Bc3 Bb3 15. Qb1 Qe6) 13. Nc5 Bxc5 $1 14. Rxc5 a4 15. Qb1 Nde7 16. h3 Bf5 {[%cal Rf5d3]} 17. e4 Be6 18. Be3 Na5 19. d4 Nb3 $1 {[%csl LRc5,LRd4][%cal Re5d4][%mdl 64] [#] Double Attack} 20. dxe5 {Rd1 is the strong threat.} Nxc5 21. Bxc5 fxe5 22. Nxe5 Qe8 $1 23. f4 {aiming for f5.} Ra5 (23... Ng6 $11 {remains equal.}) 24. Bb4 Rxe5 25. fxe5 b6 26. Bxe7 (26. Qc1 $16 c5 27. Bc3) 26... Qxe7 $11 27. Qc2 $36 {[%mdl 2048] Black is under pressure.} Rd4 28. Qc6 Qd7 (28... Bb3 $14) 29. Bb5 $16 Qxc6 30. Bxc6 {[%mdl 4096] Endgame KRB-KRB} h5 31. Kf2 (31. h4 $16) 31... Rd2+ {[#]} (31... Rc4 $14 32. Bb7 (32. Bd5 Bxd5 33. exd5 Rd4 $11) 32... Rc5) 32. Ke3 $1 $18 {[%cal Re3d2]} Rxg2 $2 (32... Bc4 $16 33. Rc1 (33. Kxd2 Bxf1 34. Ke3 Kf8 $16) (33. Bxa4 Bxf1 34. Kxd2 g5 $16) 33... Rd3+ 34. Kf4 b5) 33. Bd5 Rg6 34. h4 c5 35. Rf5 b5 36. Rg5 ({Not} 36. Rxh5 Kf7 $16) 36... Rh6 37. Rg1 Kf7 38. Rc1 c4 39. Rg1 Rh8 40. Kd4 Rc8 41. Rg5 Rb8 42. Kc5 Rc8+ 43. Kxb5 Rb8+ 44. Kxc4 Rxb2 (44... g6 $142 45. Rg2 Re8) 45. Kc5 Rb1 46. Rxh5 Rb3 47. Rf5+ Ke7 48. Bxb3 Bxf5 49. Bxa4 {Accuracy: White = 67%, Black = 26%.} 1-0

[Event "GCT Saint Louis Blitz 2019"]
[Site "Saint Louis"]
[Date "2019.08.14"]
[Round "13"]
[White "Vachier-Lagrave, Maxime"]
[Black "Mamedyarov, Shakhriyar"]
[Result "1/2-1/2"]
[WhiteElo "2778"]
[BlackElo "2764"]
[Annotator "TA"]
[PlyCount "105"]
[EventDate "2019.08.13"]
[EventType "tourn"]
[EventCountry "USA"]
[SourceTitle "playchess.com"]
[Source "ChessBase"]
[SourceQuality "1"]

{[%evp 12,105,18,14,11,20,20,15,25,8,32,25,35,29,15,14,29,24,16,12,10,22,36,6,31,28,46,15,41,48,41,42,45,49,71,62,68,37,40,34,54,42,37,39,42,39,45,28,35,14,36,44,45,54,47,45,44,31,35,42,44,35,46,45,53,40,41,41,60,34,34,32,46,16,22,18,22,18,22,0,0,0,0,0,0,0,0,0,0,0,0,0,0,0,0,0]} 1. e4 e5 2. Nf3 Nc6 3. Bc4 Bc5 4. c3 Nf6 5. d3 d6 6. O-O h6 7. Re1 O-O {C54: Giuoco Piano: 4 c3 Nf6, main lines with 5 d4 and 5 d3} 8. Nbd2 Ne7 9. d4 Bb6 10. Bb3 Ng6 11. Nc4 {[%cal Rd4e5]} Be6 12. a4 $146 {[#] Strongly threatening a5.} ({Predecessor:} 12. h3 c6 13. dxe5 dxe5 14. Ncxe5 Nxe5 15. Nxe5 {½-½ (32) Anand,V (2779)-Adams,M (2748) London 2016}) 12... Bxc4 13. Bxc4 {aiming for a5.} a5 14. Qb3 c6 15. Bd3 Re8 16. h3 Qc7 17. Bd2 Rad8 18. Rad1 Ba7 19. Bb1 (19. Qc2 {with more complications.} Rd7 20. g3 Rde7 21. Kg2 Qd8 22. Be3) 19... Qb6 20. Qxb6 Bxb6 21. Kf1 Kf8 22. g3 Kg8 23. Bc1 Rd7 24. b3 (24. dxe5 {is more complex.} dxe5 25. Rxd7 Nxd7 26. Bc2 Nf6 27. Rd1) 24... exd4 25. Nxd4 d5 {[%cal Rd5e4]} 26. exd5 Rxe1+ 27. Rxe1 Rxd5 28. Nf5 Rd7 29. Kg2 Bc5 30. h4 Nf8 31. Ne3 Nd5 32. Nxd5 Rxd5 33. Bc2 Ne6 34. Rd1 Rxd1 35. Bxd1 $14 {[%mdl 4096] Endgame KBB-KBN} Kf8 36. Bd2 Be7 37. h5 Bf6 38. Kf1 Ke7 39. Ke2 Kd6 40. Bc2 b5 41. f4 Nc7 42. c4 b4 {The position is equal.} 43. g4 Ne6 44. Bd1 g5 45. f5 Nc5 46. Be3 Nd7 47. Kd3 c5 48. Bf3 Bc3 49. Bf2 Be5 50. Ke2 Bf4 51. Kd3 Be5 52. Bd5 Nf6 53. Bf3 {Accuracy: White = 56%, Black = 65%.} 1/2-1/2